000 00617nam a2200205Ia 4500
001 16627
003 GE_BSU
008 181216s||||||||xx |||||||||||||| ||und||
040 _cGE_BSU
080 _a821.353.1-1
100 _aლებანიძე, მ. (მურმან, 1922-2002)
245 _aლექსები
245 _cრედ.ი.ნონეშვილი.მხ.გ.ფოცხიშვილი
260 _aთბილისი
260 _bსაბლიტგამი
260 _c1950
300 _a102 გვ. ; 23 სმ.
653 _aლექსები
942 _cBK
999 _c49693
_d49693